LEADER 00995nam a2200241 i 4500 001 000000038918 003 CaOOAMICUS 005 20090512000000.0 008 090512s1988 it u000 u ita u 013 $a9531 040 $aSeMil$bita 100 1 $aAlzati, Cesare.$0(OLS)http://semarc/name/2564 245 10$aAmbrosiana ecclesia :$bstudi sulla Chiesa milanese e la sua tradizione /$cCesare Alzati. 260 $aMilano :$b[s.n.],$c1988. 300 $a137 p. ;$c24 cm. 500 $aDedica autografa dell'autore. Dalla biblioteca del card. Giovanni Colombo. 650 4$aMilano (Arcidiocesi) - Storia.$0(OLS)http://semarc/subject/1013 850 $aSeMil 852 $aSeMil$W1$xVenegono$y1$m3B I 189$j5073$B5073$CSeMilBibl$Z2$F5073 $81 941 1 $a3 961 $aOmaggio: Colombo Card. Giovanni 996 $6245$aAmbrosiana ecclesia :$bstudi sulla Chiesa milanese e la sua tradizione$9(OLS)http://semarc/title/55157 996 $6260$aMilano :$b[s.n.]$9(OLS)http://semarc/publisher/29709 LEADER 01018nam a2200253 i 4500 001 000000089423 003 CaOOAMICUS 005 20150925000000.0 008 150925s2000 be u000 u mul u 013 $a61664 020 $a2-503-04741-6 040 $aSeMil$bita 245 10$a1.-4. 260 $aTurnhout :$bBrepols,$c2000. 300 $aXXIII, 404 p. ;$c26 cm. 490 0 $aCorpus Christianorum. Continuatio Mediaevalis ;$v174. 773 0 $tHrabani Mauri Expositio in Matthaeum.$dTurnhout : Brepols, 2000.$kCorpus Christianorum. Continuatio Mediaevalis$g1$w()4268 830 0$aCorpus Christianorum. Continuatio Mediaevalis ;$v174.$0(OLS)http://semarc/title/35 850 $aSeMil 852 $aSeMil$W1$xVenegono$y1$mSL2.G CC.CM 174$j271128$B52543$CSeMilBibl$Z2$F57023 $8I 961 $aSottoscrizione: Brepols 996 $6020$a2-503-04741-6$9(OLS)http://semarc/number/69414 996 $6245$a1.-4$9(OLS)http://semarc/title/135400 996 $6260$aTurnhout :$bBrepols$9(OLS)http://semarc/publisher/29626